Barcelona 1951

Bibliographic Details
Main Author: Pergler, Miloš (Author)
Format: Article
Language:Slovak

MARC

LEADER 00000nab a2200000uu 4500
001 vtls011524060
003 SK-MaSNL
005 20260303181514.0
008 230704|1951 xo |||||||||||||||||slo|
015 |a SNBRB 
035 |a (urnnbn)urn:nbn:sk:snk:ar-00273h 
035 |a (uuid)65e40f53-8d37-4c73-8562-4815429cd880 
035 |a urn:nbn:sk:snk-abebor 
040 |a SNKBUCL  |b slo  |c SNKBUCL  |e AACR2 
041 0 |a slo 
044 |a xo  |c SK 
100 1 |a Pergler, Miloš  |4 aut  |9 273583 
245 1 0 |a Barcelona 1951  |c Miloš Pergler 
773 0 |t Slovenské pohľady  |g Roč. 67, č. 6 (1951), s. 345-347 
850 |a Slovenská národná knižnica 
852 |a Slovenská národná knižnica 
958 |a OND 
958 |a EUIPO 
958 |a article21 
999 |c 2112607  |d 2114537